[Event "USCL 2008"]
[Site "?"]
[Date "2008.11.12"]
[Round "?"]
[White "Braylovsky, Gregory"]
[Black "Simpson, Ron"]
[Result "0-1"]
[WhiteElo "2445"]
[BlackElo "2346"]
[Annotator "Rybka 3 (90s)"]
[PlyCount "52"]
[SourceDate "2006.11.11"]

{A37: Symmetrical English vs ...g6: 4 Bg2 Bg7 5 Nf3} 1. Nf3 c5 (1... Nf6 2. d4
$11) 2. c4 (2. e4 e6 $11) 2... g6 3. g3 Bg7 4. Bg2 Nc6 5. O-O Rb8 6. Nc3 a6 {
Prevents intrusion on b5} (6... d6 7. d3 $11) 7. a4 (7. a3 d6 $11) 7... e6 {
Covers d5} (7... d6 8. h3 $11) 8. d3 Nge7 9. e4 (9. Ne4 d6 $11) 9... O-O 10.
Be3 Nd4 11. Ne2 {White threatens to win material: Ne2xd4} Nec6 (11... Nxf3+ 12.
Bxf3 b6 13. d4 $11) 12. Nfxd4 cxd4 {Black has new doubled pawns: d4+d7} ({
Inferior is} 12... Bxd4 13. Nxd4 Nxd4 14. b4 $14) 13. Bd2 b5 (13... a5 14. Qb3
$11) 14. cxb5 axb5 15. b4 bxa4 16. Qxa4 {White has a new passed pawn: b4. .}
Qb6 17. Rfb1 (17. f4 f6 $11) 17... Bb7 18. f4 (18. b5 Ra8 19. Qb3 Ne5 $11)
18... Ra8 $15 {Black threatens to win material: Ra8xa4} 19. Qb3 Rxa1 20. Rxa1
Rb8 21. Ra4 (21. Qc4 Bf8 $15) 21... Ba6 22. Qa3 (22. Nc1 Bf8 $17) 22... Bb5 $17
23. Ra8 Rxa8 24. Qxa8+ Bf8 25. Nc1 Qa6 26. Qe8 $4 {cause more grief} (26. Qxa6
$142 Bxa6 27. Kf2 $17) 26... Qa4 $19 (26... Qa4 27. Bf1 Qd1 28. Qxd7 Qxd2 $19)
0-1

[Event "USCL 2008"]
[Site "?"]
[Date "2008.11.12"]
[Round "?"]
[White "Charbonneau, Pascal"]
[Black "Milman, Lev"]
[Result "0-1"]
[WhiteElo "2524"]
[BlackElo "2502"]
[Annotator "Rybka 3 (90s)"]
[PlyCount "62"]
[SourceDate "2006.11.11"]

{B92: Sicilian Najdorf: 6 Be2} 1. e4 c5 2. Nf3 d6 {Controls e5} 3. d4 cxd4 4.
Nxd4 {Black is behind in developement. Black's piece can't move: f8} Nf6 {
Black threatens to win material: Nf6xe4} 5. Nc3 a6 {Secures b5} (5... g6 6. Be3
$14) 6. Be2 {Black is behind in developement. Black's piece can't move: f8} (6.
Bg5 e6 $11) 6... e5 {Black threatens to win material: e5xd4} 7. Nb3 Be7 {
Black has a cramped position} 8. O-O O-O {
Black castles and improves king safety} 9. Re1 (9. Qd3 Qc7 $11) 9... b6 {
Controls a5+c5} (9... Be6 10. h3 $11) 10. Bg5 {Black has a cramped position}
Bb7 (10... Nbd7 11. Qd3 $11) 11. Bxf6 $14 Bxf6 {Black has the pair of bishops}
12. Bc4 {Black has a cramped position} Qc7 {
Black threatens to win material: Qc7xc4} (12... Nc6 13. Nd5 $14) 13. Bd5 {
The white bishop on an outpost} (13. Nd2 b5 14. Bb3 Nd7 $11) 13... Nc6 $11 14.
a3 {Secures b4} Rad8 15. Nc1 (15. Qe2 Bg5 $11) 15... Ne7 (15... Bg5 16. Qd3 $11
) 16. Bb3 Kh8 {White has an active position} 17. N1a2 a5 (17... Bg5 18. Nb4 $11
) 18. Re2 (18. Qd3 Qc8 $11) 18... Ba6 {Black threatens to win material: Ba6xe2}
19. Re1 Bg5 20. Nd5 Nxd5 21. Bxd5 g6 22. Nc3 f5 (22... Kg7 23. Ba2 $11) 23. Bb3
Bh6 (23... Qc5 $142 $11) 24. Kh1 $4 {White has let it slip away} (24. exf5 $142
{and White hangs on} gxf5 25. Qh5 $14) 24... fxe4 $17 25. Nxe4 $2 (25. Rb1 $142
$5 $17) 25... d5 $1 $19 {Decoy: d5} 26. Nc3 (26. Bxd5 Bc4 {Decoy}) 26... Rxf2
27. Qg4 Bd2 (27... d4 $142 28. Ne4 Rf4 $19) 28. Nxd5 $4 {
terrible, but what else could White do to save the game?.} (28. Red1 $142 Bxc3
29. Qg3 Rxg2 30. Qxc3 Qxc3 31. bxc3 $19) 28... Bxe1 29. Rxe1 (29. Nxc7 $4 {
simply mating in 1} Rf1#) 29... Qf7 30. Ne3 Qf4 31. h3 Bb7 (31... Bb7 32. Bc4
Bf3 33. Qxf4 exf4 34. gxf3 fxe3 $19) 0-1

[Event "USCL 2008"]
[Site "?"]
[Date "2008.11.12"]
[Round "?"]
[White "Jones, Craig"]
[Black "Zenyuk, Iryna"]
[Result "1-0"]
[WhiteElo "2320"]
[BlackElo "2249"]
[Annotator "Rybka 3 (90s)"]
[PlyCount "83"]
[SourceDate "2006.11.11"]

{E97: King's Indian: Classical Main Line (6...e5 7 0-0 Nc6): 8 Be3 and 8 d5
Ne7, not 9 Ne1} 1. Nf3 Nf6 2. c4 g6 3. Nc3 Bg7 4. e4 d6 {Consolidates e5} 5. d4
{Black has a cramped position} O-O 6. Be2 e5 7. O-O Nc6 8. d5 {
White threatens to win material: d5xc6} Ne7 9. Bg5 Nh5 10. Ne1 {
Black has a cramped position} (10. Re1 h6 11. Bd2 Nf6 $14) 10... Nf4 11. Nd3
Nxe2+ 12. Qxe2 {Black has the pair of bishops} h6 {
Black threatens to win material: h6xg5} 13. Bd2 g5 (13... c6 14. Be3 $14) 14.
b4 {White intends c5} (14. Rac1 f5 $11) 14... f5 {The typical lever} 15. f3 {
Black has a cramped position} Ng6 16. c5 {Attacks the pawn chain} (16. Rac1 Nf4
17. Nxf4 exf4 $11) 16... Nf4 {Black threatens to win material: Nf4xe2} 17. Qe3
fxe4 18. fxe4 h5 (18... a5 19. b5 $11) 19. Rf2 (19. g3 Bh3 20. gxf4 Bxf1 21.
Rxf1 exf4 $14) 19... Bh6 (19... c6 20. Rc1 $11 (20. Nxf4 $143 exf4 (20... gxf4
$143 21. Qd3 $14) 21. Qe2 cxd5 $15)) 20. Raf1 Bd7 (20... h4 21. Nxf4 gxf4 22.
Qd3 $11) 21. b5 {White plans c6. Black has a cramped position} Qe7 22. c6 bxc6
23. bxc6 {White has an active position.} Bc8 24. a4 {
Black has a cramped position} Ba6 25. Nb5 {
White threatens to win material: Nb5xa7} Rab8 26. Nxf4 exf4 27. Qd3 Bg7 (27...
Rbe8 28. Re1 $11) 28. g3 (28. h4 $5 $14) 28... Bxb5 29. axb5 fxg3 (29... Rbe8
30. Ba5 Qxe4 31. Qxe4 Rxe4 32. Bxc7 $11) 30. Rxf8+ Rxf8 31. Rxf8+ Kxf8 32. hxg3
{Black has a new backward pawn: a7} Qe5 33. Kg2 h4 $4 {
releasing the pressure on the opponent} (33... Qb2 $142 $11 {would hold out})
34. gxh4 $18 gxh4 (34... g4 $18) 35. Kh3 (35. Qf3+ {
makes it even easier for White} Ke8 36. Kh3 Bf6 $18) 35... Bf6 $2 (35... Qf6
$142 36. Qe2 Kg8 $16) 36. Qf3 $18 Qa1 (36... Ke8 37. Be1 $18) 37. Bg5 Ke7 (
37... Kg7 {is still a small chance} 38. Kxh4 Bxg5+ 39. Kxg5 Qe5+ 40. Kg4 Qb2
$18) 38. Bxh4 (38. Qxf6+ Qxf6 39. Kxh4 $18) 38... Bxh4 39. Kxh4 Qb1 40. Qg4
Qh1+ (40... Kf6 {there is nothing better in the position} 41. Qf5+ Kg7 $18) 41.
Kg5 Qc1+ 42. Kg6 (42. Kg6 Qh6+ 43. Kxh6 Kf8 44. Qc8+ Kf7 45. Qd7+ Kf8 46. Kg6
a5 47. Qf7#) 1-0

[Event "USCL 2008"]
[Site "?"]
[Date "2008.11.12"]
[Round "?"]
[White "Zaikov, Oleg"]
[Black "Federowicz, John"]
[Result "1/2-1/2"]
[WhiteElo "2376"]
[BlackElo "2540"]
[Annotator "Rybka 3 (90s)"]
[PlyCount "74"]
[SourceDate "2006.11.11"]

{E12: Queen's Indian: Unusual White 4th moves, 4 a3, 4 Nc3 Bb7 5 a3 and 4 Nc3
Bb7} 1. d4 Nf6 2. c4 (2. Nf3 e6 $11) 2... e6 (2... c5 3. d5 $11) 3. Nf3 b6 (
3... Nc6 4. Nc3 $14) 4. a3 {Controls b4} (4. g3 Bb4+ 5. Bd2 Bxd2+ 6. Qxd2 O-O
$11) 4... Bb7 5. Nc3 d5 6. cxd5 Nxd5 7. Qc2 Nxc3 8. Qxc3 Nd7 9. Bg5 {
White threatens to win material: Bg5xd8} Qc8 (9... f6 10. Bf4 Bd6 11. e3 $11)
10. Rc1 Bd6 11. Nd2 (11. e3 O-O $11) 11... h6 {
Black threatens to win material: h6xg5} 12. Bh4 O-O {
Black castles and improves king safety} 13. Nc4 Re8 14. Nxd6 cxd6 {
White has the pair of bishops.} 15. Qd2 Qb8 16. e3 a6 {Consolidates b5} (16...
Rc8 17. Bb5 Rxc1+ 18. Qxc1 $11) 17. f3 $14 {Covers e4} e5 18. Bc4 d5 19. Ba2
exd4 20. Qxd4 Qe5 {Black threatens to win material: Qe5xd4} 21. Kf2 {
White loses the right to castle} Rac8 22. Bg3 Qf5 (22... Qxd4 23. exd4 Nf8 24.
Rxc8 Rxc8 25. Bb1 $14) 23. Rhd1 Nc5 24. Kg1 Qg5 25. b4 Na4 26. Bb3 b5 27. Bf4 {
White threatens to win material: Bf4xg5} Qe7 28. Bxd5 (28. Kf2 $142 $5 $16)
28... Bxd5 29. Rxc8 Rxc8 30. Qxd5 g5 {Black threatens to win material: g5xf4}
31. Qd6 {White threatens to win material: Qd6xe7} Re8 32. Bg3 Qxe3+ 33. Bf2 Qe6
34. Qxe6 (34. Qd2 Qc8 $14) 34... Rxe6 $11 ({Not} 34... fxe6 35. Rd6 $16) 35.
Rd8+ Kh7 36. Bd4 f6 {Prevents intrusion on e5} 37. Kf2 Nb6 1/2-1/2

[Event "Nov08 Greensboro"]
[Site "?"]
[Date "2008.11.13"]
[Round "1"]
[White "Lawson, Josh"]
[Black "Hales, William"]
[Result "1-0"]
[WhiteElo "1987"]
[BlackElo "1725"]
[Annotator "Rybka 3 (90s)"]
[PlyCount "93"]
[SourceDate "2006.11.11"]

{A52: Budapest Gambit} 1. d4 Nf6 2. c4 (2. Nf3 g6 $11) 2... e5 3. dxe5 Ng4 4.
Nf3 Nc6 {Black threatens to win material: Nc6xe5} 5. Nc3 Bc5 6. e3 {
Prevents intrusion on d4} Ngxe5 7. Be2 (7. Nxe5 Nxe5 8. f4 Ng6 $11) 7... O-O 8.
O-O d6 {Controls e5} 9. Nd4 (9. b3 Re8 $11) 9... Bd7 (9... Re8 10. Nd5 $11) 10.
a3 {Consolidates b4} (10. f4 Ng6 $14) 10... a5 (10... Ng6 11. b4 Bb6 12. Nxc6
Bxc6 13. Nd5 $14) 11. b3 (11. f4 Ng6 12. f5 Nge7 $14) 11... Qh4 (11... Ng6 12.
Bb2 $14) 12. Ncb5 (12. Ndb5 Rac8 $14) 12... Bb6 (12... Rac8 13. Bb2 $14) 13.
Nf3 {White threatens to win material: Nf3xh4} (13. Bb2 Rad8 $11) 13... Qf6 (
13... Nxf3+ 14. Bxf3 a4 15. Bb2 $15) 14. Ra2 (14. Nxe5 Qxe5 15. Bd2 Rfe8 $11)
14... Rad8 (14... a4 15. bxa4 Bf5 16. Bb2 $11) 15. Rd2 (15. Nc3 $11) 15... Na7
(15... Nxf3+ $142 16. Bxf3 Ne5 $11) 16. Nxd6 $4 {
hands over the advantage to the opponent} (16. Nxe5 $142 Qxe5 17. Bb2 $16)
16... cxd6 $17 17. Rxd6 Nxf3+ (17... Be6 18. Rd2 $19) 18. Bxf3 $17 Be6 19. Bxb7
Bg4 $4 {throws away a nice position} (19... Qe7 $142 20. Rxd8 Rxd8 $17 (20...
Qxd8 $6 21. Bb2 $11) (20... Bxd8 $6 21. Bd5 $11)) 20. Rxf6 $18 Rxd1 (20... Bxd1
{doesn't change the outcome of the game} 21. Rxb6 Bc2 22. Bf3 $18) 21. Rxb6
Rxf1+ 22. Kxf1 Rd8 (22... Rb8 {cannot change what is in store for ?} 23. c5 Nc8
24. Bxc8 Rxc8 25. c6 $18) 23. Bf3 Bxf3 24. gxf3 Nc8 25. Rb8 Kf8 26. Ke2 Ke7 27.
Bd2 Kd7 (27... a4 {is not the saving move} 28. Ba5 Re8 29. bxa4 $18) 28. Bxa5
Re8 29. Rb7+ Ke6 30. Bb4 Kf6 (30... Rd8 {is no salvation} 31. a4 $18) 31. a4
Re6 (31... g5 {doesn't change anything anymore} 32. a5 $18) 32. Bc3+ Kg6 33. a5
f6 (33... Rc6 {doesn't improve anything} 34. Kd3 $18) 34. Rc7 Nd6 35. a6 (35.
Rc6 $142 {might be the shorter path} Kf7 36. a6 Nc8 37. Rxc8 Rxa6 38. Rc7+ Ke6
39. Rxg7 Ra3 $18) 35... Ne8 36. Rc8 Rxa6 37. Rxe8 Rb6 (37... Kf7 {
a fruitless try to alter the course of the game} 38. Rb8 $18) 38. b4 Kf7 (38...
Rc6 {doesn't do any good} 39. Kd3 Rc7 40. b5 $18) 39. Re4 (39. Ra8 {
makes it even easier for White} Ke6 40. Ra7 g5 $18) 39... Ra6 (39... Rb7 {
is not much help} 40. b5 $18) 40. b5 Ra2+ 41. Kd1 (41. Kd3 $142 {
and White can already relax} Ra8 42. c5 $18) 41... Rxf2 (41... Ra3 {
a last effort to resist the inevitable} 42. Bd4 f5 $18) 42. b6 Rxh2 43. b7 Rh1+
44. Kc2 (44. Be1 f5 45. Re5 g6 46. b8=Q Kf6 47. f4 Rxe1+ 48. Kxe1 Kf7 49. Qa7+
Kf8 50. Qd7 g5 51. Re8#) 44... Rh2+ 45. Kb3 Rh1 (45... f5 {
doesn't get the cat off the tree} 46. Re5 Kg6 47. b8=Q Rh3 48. Qc8 Rxf3 49.
Qc6+ Kg5 50. Qxf3 g6 51. Re6 Kh4 52. Be1+ Kg5 53. Qf4+ Kh5 54. Qh4#) 46. b8=Q
Rb1+ 47. Bb2 1-0

[Event "QCCA Tuesday"]
[Site "?"]
[Date "2008.11.11"]
[Round "5"]
[White "Hurtado, Fabio"]
[Black "Hales, William"]
[Result "0-1"]
[WhiteElo "1738"]
[BlackElo "1725"]
[Annotator "Rybka 3 (60s)"]
[PlyCount "96"]
[SourceDate "2006.11.11"]

{A07: Réti Opening: New York and Capablanca Systems} 1. Nf3 (1. e4 e5 $11) 1...
d5 2. g3 (2. c4 c6 $11) 2... Nd7 (2... Nc6 3. d4 $11) 3. Bg2 e5 (3... Ngf6 4.
c4 $14) 4. d3 (4. d4 exd4 5. O-O Ngf6 $11) 4... Ngf6 5. Nbd2 (5. O-O Bc5 $11)
5... Bc5 6. O-O {White has a cramped position. White's piece can't move: c1}
O-O 7. e4 c6 (7... dxe4 8. dxe4 Qe7 9. Qe2 $11) 8. Re1 (8. exd5 cxd5 9. d4 exd4
$11) 8... h6 {Secures g5} 9. exd5 cxd5 10. Nxe5 (10. d4 $142 $5 {
is the best option White has} exd4 11. Nb3 $11) 10... Nxe5 11. Rxe5 Bxf2+ {
Double attack: e5/f2} 12. Kh1 (12. Kxf2 Ng4+ {Double attack}) 12... Bd4 {
Black threatens to win material: Bd4xe5} (12... Bg4 $142 13. Nf3 Qb6 $15) 13.
Re1 $2 (13. Re2 $142 $5 $15 {deserves consideration}) 13... Ng4 $17 14. Rf1 (
14. Re2 Re8 15. Nb3 Nf2+ 16. Rxf2 Bxf2 $19) 14... Ne3 $19 15. Qh5 $4 {
terrible, but what else could White do to save the game?} (15. Qe2 $142 Re8 16.
Nb3 Nxf1 17. Qxf1 $19) 15... Bg4 16. Qh4 Qxh4 (16... g5 $142 {and Black wins}
17. Qxh6 Bg7 18. Nf3 Bxh6 19. Bxe3 $19) 17. gxh4 Nxf1 18. Nxf1 Rfe8 (18... Rae8
$142 {and Black can already relax} 19. Bf4 Re2 $19) 19. c3 (19. Bd2 Re2 $19)
19... Bf2 (19... Re1 $5 {seems even better} 20. cxd4 Rc8 21. Kg1 Rcxc1 22. Rxc1
Rxc1 23. Bxd5 $19) 20. h3 (20. Bf4 {doesn't change anything anymore} Re2 $19)
20... Bf5 21. Bf4 Bxd3 22. Rd1 Be4 23. Nd2 (23. h5 {
a fruitless try to alter the course of the game} Bxg2+ 24. Kxg2 Re2 $19) 23...
Bxg2+ 24. Kxg2 Bxh4 (24... Re2 {keeps an even firmer grip} 25. Kf3 Rae8 26. Nb3
Rxb2 27. Rxd5 Bxh4 28. Rd2 Rxd2 29. Bxd2 $19) 25. Nf3 (25. Kf3 {
hardly improves anything} Re6 $19) 25... Re2+ 26. Kh1 Bf6 27. Bc1 Rd8 (27...
Rae8 {might be the shorter path} 28. a4 Rf2 29. Nd2 $19) 28. Rd2 (28. Kg1 {
doesn't do any good} Rde8 29. Kf1 Rc2 $19) 28... Rxd2 (28... Rde8 {
makes it even easier for Black} 29. Kg1 R8e3 30. Kf1 Rxd2 31. Nxd2 Rxh3 32. Kg2
$19) 29. Bxd2 d4 30. c4 (30. cxd4 {doesn't improve anything} Bxd4 31. Nxd4 Rxd4
$19) 30... Re8 31. b4 (31. b3 {does not solve anything} Re2 32. Kg1 d3 $19)
31... Re2 32. Kg1 Kf8 (32... d3 {makes it even easier for Black} 33. Kf1 $19)
33. a4 (33. Kf1 {does not save the day} d3 $19) 33... Ke8 (33... d3 $5 {
seems even better} 34. Kf1 $19) 34. Kf1 d3 35. b5 Kd7 36. Bb4 Rb2 (36... Ra2 {
and Black can already relax} 37. Bd2 $19) 37. Bd2 Kd6 38. Be3 b6 39. Nd2 Ra2 (
39... Ke6 {might be the shorter path} 40. Ke1 $19) 40. Ne4+ (40. a5 {
doesn't change the outcome of the game} Rxa5 41. Kg2 Ra2 $19) 40... Ke5 41. Nc3
(41. Nxf6 {does not win a prize} Kxf6 42. Bd4+ Kg6 $19) 41... Rc2 42. Nd1 Bg5 (
42... Ke4 $142 {ends the debate} 43. c5 bxc5 44. a5 $19) 43. Bxg5 hxg5 44. Ne3
Kd4 45. Nf5+ Kxc4 46. Nd6+ Kb4 (46... Kd5 47. Nf5 Rc1+ 48. Kf2 d2 49. Ne3+ Ke4
50. a5 bxa5 51. b6 axb6 52. Ke2 Re1+ 53. Kxd2 Rxe3 54. Kc1 f5 55. h4 gxh4 56.
Kd1 h3 57. Kd2 h2 58. Kd1 h1=Q+ 59. Kc2 Re2+ 60. Kb3 Qb1+ 61. Ka4 Qb4#) 47.
Nxf7 Kxa4 (47... Rc1+ 48. Kf2 d2 49. Nxg5 d1=Q 50. Kg3 Qd6+ 51. Kg2 Qd2+ 52.
Kf3 Qxg5 53. h4 Rc3+ 54. Ke2 Qe3+ 55. Kf1 Qd2 56. h5 Rc1#) 48. Ne5 Rc1+ (48...
Rc1+ 49. Kf2 d2 $19) 0-1

[Event "QCCA TRPnts"]
[Site "?"]
[Date "2008.11.11"]
[Round "5"]
[White "McCartney, Patrick"]
[Black "McNeill, Jonathon"]
[Result "0-1"]
[WhiteElo "2038"]
[BlackElo "1910"]
[Annotator "Rybka 3 (90s)"]
[PlyCount "62"]
[EventDate "2008.11.11"]
[SourceDate "2006.11.11"]

{A00: Irregular Openings} 1. Nc3 (1. e4 c5 $11) 1... d5 2. e4 (2. d4 Bf5 $11)
2... dxe4 3. Nxe4 Bf5 {Black threatens to win material: Bf5xe4} 4. Ng3 Bg6 5.
Bc4 (5. Nf3 Qd6 $11) 5... Nf6 6. Nf3 Nbd7 7. h4 h6 {Controls g5} 8. h5 {
White threatens to win material: h5xg6} (8. d4 c6 $11) 8... Bh7 9. d3 {
Consolidates e4} e6 {Secures d5+f5} 10. Qe2 Bd6 11. Ne4 Nxe4 12. dxe4 Qf6 13.
c3 Ne5 (13... O-O 14. Bd3 $11) 14. Nxe5 $11 Bxe5 15. g3 {Covers f4} (15. Bd2
$142 $5 {and White can hope to live} Bf4 16. O-O-O $11) 15... Bxc3+ $1 $17 {
Decoy: c3} 16. Kf1 (16. bxc3 Qxc3+ {Double attack} (16... Qe5 {Decoy})) 16...
Ba5 (16... Be5 17. Kg2 $17) 17. Bf4 (17. Kg2 O-O $17) 17... Bb6 (17... O-O-O
18. e5 Qe7 19. Be3 $17) 18. f3 e5 19. Bd2 O-O-O (19... O-O 20. Kg2 $17) 20. Kg2
Rd7 21. Rac1 Rhd8 22. Rhd1 Qe7 (22... Kb8 23. Bc3 $17) 23. a4 f5 24. Bd5 (24.
a5 Bd4 25. a6 Kb8 $17) 24... fxe4 (24... c6 25. Be1 $19) 25. fxe4 Bg8 (25... c6
26. Bc3 Kb8 $19 (26... Rxd5 {is clearly weaker} 27. exd5 Rf8 28. Rf1 Rxf1 29.
Rxf1 $18 (29. Qxf1 $6 Be4+ 30. Kh2 Bxd5 $11))) 26. Bxb7+ $4 (26. Bxg8 $142 {
this is the best way to fight back} Rxg8 27. a5 $17) 26... Kxb7 $19 27. a5 (27.
Bc3 {cannot undo what has already been done} Rxd1 28. Rxd1 Bc4 29. Qxc4 Rxd1
$19) 27... Bb3 28. Qb5 (28. axb6 {what else?} Bxd1 29. Rxd1 axb6 30. Qe1 $19)
28... Bxd1 (28... Rxd2+ 29. Rxd2 Rxd2+ 30. Kh1 Qf7 31. Rxc7+ Qxc7 32. a6+ Kb8
33. Qe8+ Rd8 34. Kh2 Qc2+ 35. Kh3 Rxe8 36. g4 Rf8 37. g5 Be6+ 38. Kh4 Qf2#) 29.
Qc6+ Kb8 30. axb6 Rxd2+ 31. Kg1 cxb6 (31... cxb6 32. Qc4 Bg4 33. b3 Rc8 34. Qf1
Rxc1 35. Qxc1 Qb4 36. Qc4 Rd1+ 37. Qf1 Qd4+ 38. Kg2 Qxe4+ 39. Kg1 Qe3+ 40. Kg2
Rxf1 41. Kxf1 Bh3#) 0-1

[Event "NC Open 2008"]
[Site "?"]
[Date "2008.10.31"]
[Round "1"]
[White "Lawson, Josh"]
[Black "Potter, Russell"]
[Result "1/2-1/2"]
[WhiteElo "1984"]
[BlackElo "2223"]
[Annotator "Rybka 3 (90s)"]
[PlyCount "60"]
[EventDate "2008.??.??"]
[SourceDate "2006.11.11"]

{D53: Queen's Gambit Declined: 4 Bg5 Be7: Early deviations} 1. d4 Nf6 2. c4 e6
3. Nc3 d5 {Black threatens to win material: d5xc4} 4. Bg5 Be7 5. e3 O-O 6. Bd3
(6. Nf3 h6 7. Bh4 b6 $11) 6... dxc4 7. Bxc4 b6 (7... c5 8. dxc5 Qa5 9. Bxf6
Bxf6 10. Nge2 $11) 8. Qf3 c6 {Covers b5} 9. Nge2 Bb7 10. Rd1 (10. O-O Re8 $14)
10... Nbd7 11. Ng3 (11. O-O h6 12. Bf4 Qc8 $11) 11... Qc8 (11... h6 12. Bf4 $11
) 12. Qe2 (12. O-O b5 13. Be2 c5 $11) 12... c5 (12... h6 13. Bxf6 Nxf6 14. O-O
$11) 13. O-O a6 {Secures b5} 14. a4 Qc6 (14... Rd8 15. f4 $14) 15. f3 (15. d5
$142 $5 Nxd5 16. Bxd5 exd5 17. Bxe7 $16) 15... cxd4 $11 16. exd4 {
White has an active position} ({Weaker is} 16. Rxd4 h6 17. Bxf6 Bxf6 $15) 16...
Rfc8 17. Ba2 (17. b3 Qc7 $11) 17... b5 (17... Re8 18. Rc1 Qd6 19. Qf2 $11) 18.
Kh1 (18. Nf5 Bf8 19. d5 exd5 20. Bxd5 Qc7 21. Bxb7 Qxb7 22. axb5 Rc5 23. bxa6
Rxa6 $11) 18... Nb6 {Black threatens to win material: Nb6xa4} (18... b4 19. d5
Nxd5 20. Bxd5 exd5 21. Qxe7 (21. Bxe7 $143 bxc3 22. bxc3 g6 $15 (22... Qxa4
$143 23. Nf5 $14)) 21... bxc3 22. bxc3 $11) 19. Nf5 (19. a5 Nc4 20. d5 Nxd5 21.
Rxd5 exd5 22. Qxe7 Re8 $14) 19... Bd8 (19... exf5 $142 $5 {
is an interesting idea} 20. Qxe7 Nfd5 21. Bxd5 Nxd5 22. axb5 axb5 23. Nxd5 Qxd5
$11) 20. d5 $16 exd5 21. Bxf6 (21. Rfe1 Qe6 22. Qd3 Qd7 $16) 21... Bxf6 $14 22.
Nxd5 Nxd5 (22... Re8 23. Qf2 Nxd5 24. Bxd5 (24. Rxd5 $2 Qe6 25. Rxb5 Qxa2 $19)
24... Qxd5 25. Rxd5 Bxd5 26. axb5 axb5 27. Ne3 $14) 23. Bxd5 $14 Qxd5 24. Rxd5
Bxd5 25. Re1 bxa4 26. Ne7+ Bxe7 27. Qxe7 Rab8 28. h4 h6 (28... Rxb2 29. Qe8+ {
Clearance: e7} Rxe8 30. Rxe8#) 29. Rd1 {White threatens to win material: Rd1xd5
} Be6 30. Rd2 Kh7 1/2-1/2